| 000 | 00642nam a2200181Ia 4500 | ||
|---|---|---|---|
| 008 | 090630s9999 xx 000 0 und d | ||
| 082 | _b18909 | ||
| 100 | _aपोरे सुरेश. | ||
| 245 |
_aव्हिकी प्रेम अन्र शॉक. _cपोरे सुरेश. |
||
| 260 |
_bमेहता. _c1994 |
||
| 300 | _a107 | ||
| 600 | _aपोरे सुरेश. | ||
| 630 | _aव्हिकी प्रेम अन्र शॉक. | ||
| 655 | _aलघुकथा. | ||
| 700 | _aपोरे सुरेश. | ||
| 730 | _aव्हिकी प्रेम अन्र शॉक. | ||
| 942 | _cBOOK | ||
| 999 |
_c270765 _d270765 |
||